| 000 | 00656cam a22002293a 4500 | ||
|---|---|---|---|
| 001 | 32319 | ||
| 003 | PGUSA | ||
| 005 | 20140828083711.0 | ||
| 008 | 100510s2010||||xxu|||||s|||||000 1 eng d | ||
| 040 |
_aPGUSA _beng |
||
| 042 | _adc | ||
| 050 | 4 | _aPZ | |
| 100 | 1 |
_aSeton, Ernest Thompson, _d1860-1946 |
|
| 245 | 1 | 4 |
_aThe Trail of the Sandhill Stag _h[electronic resource] / _cErnest Thompson Seton |
| 260 |
_bProject Gutenberg, _c2010 |
||
| 506 | _aPublic domain in the USA. | ||
| 516 | _aElectronic text | ||
| 653 | _aDeer -- Juvenile fiction | ||
| 830 | 0 |
_aProject Gutenberg _v32319 |
|
| 856 | 4 | 0 | _uhttp://www.gutenberg.org/ebooks/32319 |
| 942 | _cEB | ||
| 999 |
_c261574 _d261574 |
||